00367nam a2200121Ia 4500003000400000005001700004008004100021040001800062041000800080100003200088245009400120260003100214OSt20260123160325.0211028s2016 xx 000 0 und d cAIMIT LIBRARY aeng aZulkif; Kusuma, P.g1416163 aPerformance management system: a case study with reference to Apollo hospital Bangalore / aMangalorebKusuma P.c2016